| 000 | 00612nam a22002297a 4500 | ||
|---|---|---|---|
| 005 | 20170124110111.0 | ||
| 010 | _aA-705055 | ||
| 020 |
_c70.00 _a8172012330 |
||
| 035 | _aA-705055 | ||
| 037 | _bCen Lib/Ret | ||
| 040 |
_aDPL _bEN |
||
| 082 |
_aN _bGUR |
||
| 100 |
_aGurdial Singh _9102191 |
||
| 245 |
_aThe last flicker / _cby Gurdial Singh; translated by Ajmer S. Rode |
||
| 260 |
_aNew Delhi _bSahita Akademy _c1993 |
||
| 270 | _bNew Delhi | ||
| 300 |
_a123p. _c19cm(Hb) |
||
| 500 | _aIncludes glossary | ||
| 650 |
_a Lliterature _9102192 |
||
| 650 |
_aFiction _98901 |
||
| 942 |
_2ddc _cEN _hN _mGUR |
||
| 999 |
_c130378 _d130378 |
||